Estratificación social y desigualdad : conflicto de clases en perspectiva histórica y comparada /

Para entender a los seres humanos el tema de la estratificación social es básico. El sistema de estratificación social determina la vida de las personas, sus oportunidades para mejorar, su salud mental, su esperanza de vida y muchas otras cosas, como la guerra y la paz, la expansión y estancamiento...

Ausführliche Beschreibung

Gespeichert in:
Bibliographische Detailangaben
1. Verfasser: Kerbo, Harold R. (autor)
Format: Buch
Sprache:Spanisch
Veröffentlicht: Madrid, España : McGraw-Hill, 1998, c1988
Schlagworte:
Tags: Tag hinzufügen
Keine Tags, Fügen Sie das erste Tag hinzu!

MARC

LEADER 00000nam^a2200000^a^4500
001 000132964
005 20250521000000.0
009 20260526123718.63
020 |a 84-481-2038-8 
037 |a Acervo ITESO - Biblioteca 
041 |a ESP 
082 |a 305. 512  |b KER 
100 |a Kerbo, Harold R.  |e (autor) 
245 1 0 |a Estratificación social y desigualdad :  |b conflicto de clases en perspectiva histórica y comparada /  |c H. R. Kerbo ; pról. de Juan Jesús González, Miguel Requena ; tr. de María Teresa Casado. 
264 4 |a Madrid, España :  |b McGraw-Hill,  |c 1998, c1988 
300 |a 473 p. 
336 |a texto  |b txt  |2 rdacontenido 
337 |a sin mediación  |b n  |2 rdamedio 
338 |a volumen  |b nc  |2 rdasoporte 
500 |a Traducción de: Social Stratification and Inequality. Class Conflict in Historical and Comparative Perspective 
520 |a Para entender a los seres humanos el tema de la estratificación social es básico. El sistema de estratificación social determina la vida de las personas, sus oportunidades para mejorar, su salud mental, su esperanza de vida y muchas otras cosas, como la guerra y la paz, la expansión y estancamiento económico, el desempleo, la inflación y las políticas gubernamentales. Esta obra es un análisis de las distintas dimensiones de los sistemas de estratificación social con la ilustración empírica de los argumentos en los que se funda. 
649 |a XX 
650 |a Clases Sociales -  |x Tema Principal 
650 |a Clases Sociales -  |z EUA 
650 |a Clases Sociales -  |z Japón 
650 |a Clases Sociales -  |z Alemania 
650 |a Igualdad y Desigualdad 
650 |a Sociología de la Cultura 
650 |a Sociología 
910 |a Fondo General 
920 |a Impresos - Libros 
930 |a Colección General 
905 |a 101 
901 |a 0500062395  |b IT1  |c ACC  |u 20250521 
902 |a https://opac.biblio.iteso.mx/vufind/Record/000132964